000 00314nam a22001457a 4500
008 221024b ||||| |||| 00| 0 eng d
020 _a0966038908
041 _aeng
080 _a94
082 _a94
100 _a29
101 _aHIS
245 _aA BRIEF HISTORY OF WOUND HEALING
_cCOHEN K
942 _2udc
_cBK
999 _c58652
_d58652